000
00193nam a2200085Ia 4500
008
170617s9999 xx 000 0 und d
100
_a
Ross & Wilson
245
0
_a
Anotomy And Physiology
260
_b
Elsvier
260
_c
2006
999
_c
15227
_d
15227